Największe miasta zaczynające się na literę H - Statystyki

Ogólne statystyki
  • Ten quiz został rozwiązany 1 998 razy
  • Średni wynik to 6 z 15
Statystyki odpowiedzi
Państwo Populacja Miasto % Poprawnych
Niemcy 2,93 mln Hamburg
90%
Wietnam 7,15 mln Hanoi
85%
Kuba 2,23 mln Hawana
82%
Chiny 7,25 mln Hongkong
69%
Stany Zjednoczone 7,05 mln Houston
62%
Zimbabwe 2,63 mln Harare
43%
Wietnam 13,9 mln Ho Chi Minh
39%
Indie 11,4 mln Hajdarabad
21%
Pakistan 2,43 mln Hajdarabad
21%
Chiny 5,45 mln Harbin
17%
Chiny 13,9 mln Hangzhou
16%
Chiny 7,80 mln Hefei
9%
Chiny 2,68 mln Haikou
7%
Chiny 2,83 mln Handan
4%
Chiny 2,73 mln Hohhot
4%
Nie znaleziono quizów pasujących do podanych kryteriów
Rozkład punktacji
Procent ludzi z każdym wynikiem
Percentyl według liczby udzielonych odpowiedzi
Twoja historia wyników
Nie rozwiązałeś tego quizu